[Event "Dundee & Angus Major"]
[Site "?"]
[Date "2012.??.??"]
[Round "4"]
[White "Noble, Ray"]
[Black "Chalmers, Martin"]
[Result "0-1"]
[WhiteElo "1447"]
[BlackElo "1579"]
[PlyCount "157"]
[EventDate "14.??.??"]

1. e4 d6 2. Nc3 Nf6 3. d4 c6 4. f3 e6 5. Be3 Be7 6. Bd3 O-O 7. Nge2 Re8 8. O-O
d5 9. e5 Nfd7 10. Qe1 c5 11. f4 c4 12. f5 cxd3 13. fxe6 fxe6 14. Nf4 Bh4 15. g3
Bg5 16. h4 Bxf4 17. Bxf4 Nc6 18. Nb5 Rf8 19. c3 Ne7 20. Bg5 Rxf1+ 21. Qxf1 Qf8
22. Qxd3 Qf5 23. Qe2 Ng6 24. Rf1 Qe4 25. Qf2 Qf5 26. Qd2 Qg4 27. Qf2 Nh8 28.
Nd6 b6 29. Be7 Ba6 30. Qf4 Qxf4 31. Rxf4 Bd3 32. h5 h6 33. g4 a5 34. Kh2 b5 35.
Kg3 a4 36. a3 Nb6 37. Rf3 Bc4 38. Kh4 Kh7 39. g5 hxg5+ 40. Kxg5 Be2 41. Rf2 Bd3
42. Rf3 Bc4 43. Bf8 Nc8 44. Nf7 Nxf7+ 45. Rxf7 Ra7 46. Rf2 Kg8 47. Bc5 Rf7 48.
Rxf7 Kxf7 49. h6 Bd3 50. hxg7 Kxg7 51. Kf4 Kg6 52. Kg4 Be2+ 53. Kf4 Kh5 54. Ke3
Bd1 55. Kf4 Kg6 56. Ke3 Kf5 57. Kd2 Bf3 58. Ke3 Be4 59. Ke2 Kf4 60. Kf2 Bd3 61.
Bf8 Nb6 62. Bh6+ Ke4 63. Kg3 Be2 64. Kf2 Bg4 65. Kg3 Bf5 66. Kh4 Nc4 67. Bf8
Nxb2 68. Kg5 Nd1 69. Bb4 Kd3 70. Kf6 Nxc3 71. Bc5 Nb1 72. Ke7 Kc4 73. Kd6 Kb3
74. Kc6 Nxa3 75. Kb6 Bd3 76. Kc6 b4 77. Kd6 Kc4 78. Kc6 Nc2 79. Kb6 0-1

[Event "Dundee & Angus Major"]
[Site "?"]
[Date "2012.??.??"]
[Round "4"]
[White "Atkins, Graham"]
[Black "Pearston, John M"]
[Result "0-1"]
[WhiteElo "1503"]
[BlackElo "1395"]
[PlyCount "90"]
[EventDate "14.??.??"]

1. e4 e5 2. Nf3 Nf6 3. Nc3 Nc6 4. Bc4 Nxe4 5. Bxf7+ Kxf7 6. Nxe4 Kg8 7. c4 d5
8. cxd5 Qxd5 9. Qb3 Qxb3 10. axb3 Be6 11. O-O h6 12. b4 Bxb4 13. Nc3 Bd6 14.
Re1 Bg4 15. Ra4 Bxf3 16. gxf3 Nd4 17. Kh1 Nxf3 18. Re3 Nd4 19. d3 a6 20. Ne4
Rf8 21. Kg2 Kh7 22. Rh3 Ne6 23. Nxd6 cxd6 24. Rg3 Nf4+ 25. Bxf4 exf4 26. Rf3 g5
27. h4 Rf5 28. hxg5 hxg5 29. Rh3+ Kg7 30. Rxh8 Kxh8 31. Kf3 Kg7 32. Kg4 Kf6 33.
Rb4 b5 34. Re4 Re5 35. b4 Ke6 36. Rxe5+ dxe5 37. Kxg5 Kd5 38. Kf5 f3 39. Kg4
Kd4 40. Kxf3 Kxd3 41. Kg3 Kc4 42. Kf3 Kxb4 43. Ke4 a5 44. Kxe5 a4 45. f4 a3 0-1

[Event "Dundee & Angus Major"]
[Site "?"]
[Date "2012.??.??"]
[Round "4"]
[White "Mitchell, Mike"]
[Black "White, Geoffrey"]
[Result "1-0"]
[WhiteElo "1555"]
[BlackElo "1226"]
[PlyCount "79"]
[EventDate "14.??.??"]

1. d4 a6 2. e4 b5 3. Bd3 Bb7 4. Nf3 e6 5. O-O c5 6. dxc5 Bxc5 7. c3 h6 8. Nbd2
g5 9. Nb3 Ba7 10. a4 bxa4 11. Rxa4 Bb6 12. Ne5 d5 13. exd5 Bxd5 14. Bc4 Ne7 15.
Qh5 Ng6 16. Nxg6 fxg6 17. Qxg6+ Kd7 18. Bxd5 exd5 19. Qf7+ Kc6 20. Nd4+ Bxd4
21. Rxd4 Rf8 22. Qe6+ Qd6 23. Qxd6+ Kxd6 24. Rfd1 Rf5 25. c4 Nc6 26. Rxd5+ Rxd5
27. Rxd5+ Ke6 28. f4 Rd8 29. Rxd8 Nxd8 30. fxg5 h5 31. b4 Kf7 32. Kf2 Nb7 33.
Ke3 Nd6 34. Kd4 Nb7 35. Kd5 a5 36. b5 a4 37. c5 Ke7 38. c6 Na5 39. Ba3+ Kd8 40.
g6 1-0

[Event "Dundee & Angus Major"]
[Site "?"]
[Date "2012.??.??"]
[Round "4"]
[White "Park, Frank"]
[Black "Andrews, Norman"]
[Result "1-0"]
[WhiteElo "1438"]
[BlackElo "1546"]
[PlyCount "89"]
[EventDate "14.??.??"]

1. d4 Nf6 2. e3 e6 3. Bd3 b6 4. f4 Bb7 5. Nf3 c5 6. c3 Nc6 7. a3 cxd4 8. cxd4
Ne7 9. O-O Ned5 10. Qe1 d6 11. h3 Nd7 12. Nbd2 h6 13. Nh4 Be7 14. Ndf3 Bxh4 15.
Nxh4 N5f6 16. Qg3 Nh5 17. Qf2 Nhf6 18. f5 e5 19. b4 Rc8 20. Bb2 e4 21. Bb5 a6
22. Ba4 b5 23. Bb3 d5 24. g4 Nb6 25. Ng2 Nc4 26. Rac1 O-O 27. Nf4 Qd6 28. Rc2
Rc7 29. Rb1 Rfc8 30. Rc3 Nh7 31. Kg2 Ng5 32. Bd1 Qe7 33. h4 Nh7 34. Kh3 Nf6 35.
Bb3 Nd7 36. Bxc4 Rxc4 37. Rxc4 bxc4 38. Ne2 Rf8 39. Nc3 Qd6 40. Na4 Qc6 41. Nc5
Nb6 42. Qc2 Bc8 43. Re1 h5 44. Qg2 Qf6 45. Rg1 1-0

[Event "Dundee & Angus Major"]
[Site "?"]
[Date "2012.??.??"]
[Round "4"]
[White "Cassidy, Bernard"]
[Black "Sani, Leonardo"]
[Result "1/2-1/2"]
[WhiteElo "1458"]
[BlackElo "1072"]
[PlyCount "127"]
[EventDate "14.??.??"]

1. e4 c6 2. Nf3 d5 3. exd5 cxd5 4. d4 Nf6 5. Be3 Bg4 6. h3 Bh5 7. Be2 e6 8.
Nbd2 Nc6 9. c3 Bd6 10. Bg5 O-O 11. O-O Re8 12. Ne5 Bxe2 13. Qxe2 Be7 14. Ndf3
Nd7 15. Bxe7 Qxe7 16. Nxc6 bxc6 17. Qc2 c5 18. dxc5 Nxc5 19. Ne5 Rec8 20. Qe2
Rab8 21. b3 Qc7 22. Rac1 Ne4 23. Nf3 Nxc3 24. Qd3 Qa5 25. Rc2 Ne4 26. Rfc1 Rxc2
27. Qxc2 g6 28. Ne5 Rf8 29. Nd7 Rd8 30. Ne5 Rf8 31. Nd7 Ra8 32. f3 Rd8 33. Ne5
Qb6+ 34. Kh2 Nd6 35. Qd2 Rc8 36. Rxc8+ Nxc8 37. Qc2 Qb8 38. Kh1 Nb6 39. Ng4 Qd8
40. Nf6+ Kg7 41. Nxd5 f6 42. Qc7+ Qxc7 43. Nxc7 Nd5 44. Nxe6+ Kf7 45. Nd4 Nb4
46. a4 Ke7 47. Kg1 Kd6 48. Nb5+ Kc5 49. Nxa7 Nd5 50. Nb5 Kb4 51. Nd4 Kc3 52.
Nb5+ Kxb3 53. a5 Kb4 54. Nd6 Kxa5 55. Kf2 Kb6 56. Kg3 Kc6 57. Ne4 Kd7 58. f4
Ke6 59. Kf3 h5 60. g4 f5 61. Ng5+ Kf6 62. gxh5 gxh5 63. Kg3 Kg7 64. Ne6+
1/2-1/2

[Event "Dundee & Angus Major"]
[Site "?"]
[Date "2012.??.??"]
[Round "4"]
[White "Harkins, William"]
[Black "Milton, Anna"]
[Result "1/2-1/2"]
[WhiteElo "1444"]
[BlackElo "1327"]
[PlyCount "53"]
[EventDate "14.??.??"]

1. d4 d5 2. Nf3 c6 3. e3 Nf6 4. Nbd2 Bf5 5. Bd3 Ne4 6. c4 Nxd2 7. Qxd2 Bxd3 8.
Qxd3 e6 9. O-O Nd7 10. cxd5 cxd5 11. a3 a5 12. Bd2 Be7 13. Rfc1 O-O 14. Rc2 a4
15. Qb5 Ra7 16. Rac1 Bd6 17. Bb4 Bxb4 18. Qxb4 Qb6 19. Qe7 Qd8 20. Qxd8 Rxd8
21. Rc7 h6 22. Ne1 Nb6 23. Nd3 Nc4 24. g3 Rda8 25. Rc2 b6 26. Rc6 Rb8 27. Ne5
1/2-1/2

[Event "Dundee & Angus Major"]
[Site "?"]
[Date "2012.??.??"]
[Round "4"]
[White "Flood, Ray"]
[Black "Hope, Iain"]
[Result "1/2-1/2"]
[WhiteElo "1469"]
[BlackElo "1376"]
[PlyCount "35"]
[EventDate "14.??.??"]

1. e4 c6 2. d4 d5 3. Nc3 dxe4 4. Nxe4 Bf5 5. Ng3 Bg6 6. h4 h6 7. h5 Bh7 8. Nf3
Nd7 9. Bd3 Bxd3 10. Qxd3 e6 11. Bf4 Ngf6 12. O-O-O Be7 13. Ne4 Nxe4 14. Qxe4
Nf6 15. Qd3 Bd6 16. Bxd6 Qxd6 17. Ne5 Nd7 18. Nxd7 1/2-1/2

[Event "Dundee & Angus Major"]
[Site "?"]
[Date "2012.??.??"]
[Round "4"]
[White "Robertson, Graeme"]
[Black "Wallace, Bruce"]
[Result "1/2-1/2"]
[WhiteElo "1422"]
[BlackElo "1364"]
[PlyCount "51"]
[EventDate "14.??.??"]

1. e4 c6 2. d4 d5 3. e5 Bf5 4. Bd3 Bxd3 5. Qxd3 e6 6. Nf3 Ne7 7. Bg5 Qb6 8. b3
Nd7 9. O-O h6 10. Bxe7 Bxe7 11. Nbd2 c5 12. c3 Rc8 13. Rfc1 O-O 14. Rab1 cxd4
15. cxd4 Rc7 16. Rc2 Ba3 17. Rxc7 Qxc7 18. b4 Bc1 19. Nb3 Rc8 20. Nc5 Bg5 21.
Nxg5 hxg5 22. Qd2 b6 23. Nxd7 Qxd7 24. Qxg5 Qc7 25. Qd2 Qc2 26. Qd1 1/2-1/2

[Event "Dundee & Angus Major"]
[Site "?"]
[Date "2012.??.??"]
[Round "5"]
[White "Pearston, John M"]
[Black "Andrews, Norman"]
[Result "0-1"]
[WhiteElo "1395"]
[BlackElo "1546"]
[PlyCount "69"]
[EventDate "14.??.??"]

1. d4 Nf6 2. Nf3 e6 3. c4 Bb4+ 4. Bd2 Qe7 5. a3 Bxd2+ 6. Nbxd2 O-O 7. e3 b6 8.
Be2 Bb7 9. O-O d6 10. Qc2 Nbd7 11. b4 e5 12. d5 Rfc8 13. Qb3 c6 14. e4 b5 15.
Rfe1 bxc4 16. Bxc4 cxd5 17. Bxd5 Nxd5 18. exd5 Nf6 19. Qd1 Bxd5 20. Ng5 h6 21.
Nge4 Nxe4 22. Nxe4 Bxe4 23. Rxe4 Qe6 24. h3 d5 25. Re2 Rc4 26. Rc1 Rac8 27.
Rxc4 Rxc4 28. Rc2 d4 29. Qc1 Rxc2 30. Qxc2 e4 31. Qc5 e3 32. Qc1 e2 33. Qe1 d3
34. f3 Qe3+ 35. Qf2 0-1

[Event "Dundee & Angus Major"]
[Site "?"]
[Date "2012.??.??"]
[Round "5"]
[White "Sani, Leonard"]
[Black "Livie, George"]
[Result "1/2-1/2"]
[WhiteElo "1072"]
[BlackElo "1532"]
[PlyCount "55"]
[EventDate "14.??.??"]

1. c4 Nf6 2. g3 g6 3. Bg2 Bg7 4. Nc3 c6 5. e4 d6 6. Nge2 O-O 7. O-O Bg4 8. b3
Bxe2 9. Qxe2 e5 10. Bb2 c5 11. f4 Nc6 12. Nd5 Nxd5 13. exd5 Nd4 14. Bxd4 exd4
15. d3 Re8 16. Qd2 Qd7 17. Rae1 Re3 18. Kh1 Rae8 19. Bf3 Qe7 20. Rxe3 dxe3 21.
Qc2 Bd4 22. Be2 f5 23. a3 a5 24. Rb1 h5 25. h4 b6 26. a4 Qf6 27. Rc1 Bb2 28.
Rb1 1/2-1/2

[Event "Dundee & Angus Major"]
[Site "?"]
[Date "2012.??.??"]
[Round "5"]
[White "Mitchell, Mike"]
[Black "Noble, Ray"]
[Result "1/2-1/2"]
[WhiteElo "1555"]
[BlackElo "1447"]
[PlyCount "49"]
[EventDate "14.??.??"]

1. d4 e5 2. dxe5 Nc6 3. Nf3 Qe7 4. Bf4 Qb4+ 5. Bd2 Qxb2 6. Nc3 Bb4 7. Rb1 Qa3
8. Nd5 Ba5 9. e4 d6 10. Bxa5 Qxa5+ 11. Qd2 Qxd2+ 12. Kxd2 Kd8 13. exd6 cxd6 14.
Bc4 Nge7 15. Ng5 Ne5 16. Bb3 h6 17. Nf3 b6 18. Nd4 Ba6 19. Nxe7 Kxe7 20. f4
Nc4+ 21. Ke1 Rac8 22. Kf2 Nd2 23. Rbe1 Nxb3 24. cxb3 g6 25. Rc1 1/2-1/2

[Event "Dundee & Angus Major"]
[Site "?"]
[Date "2012.??.??"]
[Round "5"]
[White "Atkins, Graham"]
[Black "Wallace, Bruce"]
[Result "0-1"]
[WhiteElo "1503"]
[BlackElo "1364"]
[PlyCount "86"]
[EventDate "14.??.??"]

1. e4 c6 2. d4 d5 3. Nc3 dxe4 4. Nxe4 Bf5 5. Ng3 Bg6 6. Nf3 Nd7 7. Be3 e6 8.
Bd3 Ne7 9. O-O Nd5 10. a3 Nxe3 11. fxe3 Bd6 12. Ne4 Be7 13. b4 Bxe4 14. Bxe4
Nf6 15. Bd3 Nd5 16. Qe1 O-O 17. c4 Nf6 18. Qe2 h6 19. h3 Nh5 20. Qe1 Bd6 21.
Ne5 Bxe5 22. dxe5 Qxd3 23. Rd1 Qg6 24. g4 f5 25. Qh4 f4 26. Qxh5 Qxh5 27. gxh5
fxe3 28. Rfe1 Rf3 29. Rd3 Rxh3 30. Rdxe3 Rxe3 31. Rxe3 Rd8 32. Kg2 Rd4 33. c5
Rf4 34. Kg3 Rf7 35. Re4 Rf5 36. Kh4 Kf7 37. Kg4 g6 38. hxg6+ Kxg6 39. a4 Rg5+
40. Kf4 h5 41. Kf3 Kf5 42. Rf4+ Kxe5 43. Rf7 Rf5+ 0-1

[Event "Dundee & Angus Major"]
[Site "?"]
[Date "2012.??.??"]
[Round "5"]
[White "Hope, Iain"]
[Black "Campbell, Kevin"]
[Result "0-1"]
[WhiteElo "1376"]
[BlackElo "1587"]
[PlyCount "98"]
[EventDate "14.??.??"]

1. d4 Nf6 2. c4 e5 3. dxe5 Ng4 4. Nf3 Bc5 5. e3 Nc6 6. Nc3 Ngxe5 7. Nxe5 Nxe5
8. Be2 d6 9. O-O O-O 10. b3 Bf5 11. Bb2 Qg5 12. Re1 c6 13. Na4 Be4 14. g3 Bxe3
15. Bxe5 Bxf2+ 16. Kxf2 dxe5 17. Qc1 Qf5+ 18. Kg1 Rfe8 19. Rf1 Qd7 20. Nc5 Qd4+
21. Rf2 Qxc5 22. Qc3 Rad8 23. Rd1 Rxd1+ 24. Bxd1 Rd8 25. Bc2 Bxc2 26. Qxc2 Qd4
27. Kf1 Qd1+ 28. Qxd1 Rxd1+ 29. Ke2 Rd4 30. Ke3 f6 31. h3 Kf7 32. g4 a5 33. g5
a4 34. gxf6 gxf6 35. Rg2 axb3 36. axb3 Rd1 37. Ke2 Rb1 38. Rg3 Rb2+ 39. Kd1 f5
40. Kc1 Rh2 41. Kd1 Kf6 42. Ke1 f4 43. Rf3 Kf5 44. Kf1 e4 45. Rc3 f3 46. c5 Kf4
47. b4 Kg3 48. Kg1 Rd2 49. Rc1 e3 0-1

[Event "Dundee & Angus Major"]
[Site "?"]
[Date "2012.??.??"]
[Round "5"]
[White "Sawaryn, Steve"]
[Black "Robertson, Graeme"]
[Result "1-0"]
[WhiteElo "1424"]
[BlackElo "1422"]
[PlyCount "43"]
[EventDate "14.??.??"]

1. e4 c5 2. Nf3 d6 3. d4 cxd4 4. Nxd4 e5 5. Nb3 Nf6 6. Bd3 Nc6 7. Nc3 Be6 8.
O-O d5 9. Bg5 Be7 10. Bxf6 Bxf6 11. Nc5 d4 12. Nxe6 fxe6 13. Ne2 O-O 14. f4 Kh8
15. f5 exf5 16. Rxf5 Ne7 17. Rh5 Ng6 18. Bc4 Bg5 19. Bd5 Be3+ 20. Kh1 Rb8 21.
Nxd4 Bxd4 22. Rxh7+ 1-0

[Event "Dundee & Angus Major"]
[Site "?"]
[Date "2012.??.??"]
[Round "5"]
[White "Chalmers, Martin"]
[Black "Cassidy, Bernard"]
[Result "0-1"]
[WhiteElo "1579"]
[BlackElo "1458"]
[PlyCount "86"]
[EventDate "14.??.??"]

1. e4 e5 2. Nf3 Nc6 3. d4 exd4 4. Nxd4 Bc5 5. Be3 Bxd4 6. Bxd4 Nxd4 7. Qxd4 Nf6
8. Nc3 O-O 9. e5 Ne8 10. Bd3 Qg5 11. O-O d6 12. f4 Qh4 13. Rf3 dxe5 14. Qxe5
Qf6 15. Qe4 Qh6 16. f5 Qb6+ 17. Re3 Bxf5 18. Qe5 Bxd3 19. cxd3 Nf6 20. Qf4 Qxb2
21. Rf1 Qxc3 22. d4 Qc6 23. Rh3 Rae8 24. Qh4 Re2 25. Rg3 Ne4 26. Rxg7+ Kxg7 27.
Qg4+ Qg6 28. Qxe2 Nc3 29. Qb2 Nd5 30. Rf3 Qe4 31. h3 b6 32. Kh1 Kh8 33. Qf2 f5
34. g3 f4 35. g4 Re8 36. Qg2 Qxd4 37. h4 Re1+ 38. Kh2 Re3 39. Rf2 Rg3 40. Qf1
Rxg4 41. Qe1 Rxh4+ 42. Kg1 Ne3 43. Rd2 Qg7+ 0-1

[Event "Dundee & Angus Major"]
[Site "?"]
[Date "2012.??.??"]
[Round "5"]
[White "Wynne, Stuart"]
[Black "Harkins, William"]
[Result "1/2-1/2"]
[WhiteElo "1249"]
[BlackElo "1444"]
[PlyCount "45"]
[EventDate "14.??.??"]

1. c4 e6 2. g3 d5 3. cxd5 exd5 4. Bg2 c6 5. Nf3 Nf6 6. O-O Bd6 7. d3 O-O 8. b3
Re8 9. Bb2 Nbd7 10. Nbd2 Ne5 11. Nxe5 Bxe5 12. Bxe5 Rxe5 13. Nf3 Re8 14. b4 Qe7
15. Qb3 a6 16. Rfe1 Bf5 17. a3 Qc7 18. Rac1 Qb6 19. Qc3 Rad8 20. Qc5 Qxc5 21.
Rxc5 Bg6 22. d4 Be4 23. Nd2 1/2-1/2

[Event "Dundee & Angus Major"]
[Site "?"]
[Date "2012.??.??"]
[Round "5"]
[White "Milton, Anna"]
[Black "Walsh, Peter"]
[Result "1-0"]
[WhiteElo "1327"]
[BlackElo "1535"]
[PlyCount "73"]
[EventDate "14.??.??"]

1. d4 Nf6 2. c4 g6 3. Nc3 Bg7 4. Nf3 d6 5. g3 O-O 6. Bg2 Nbd7 (6... e5 7. e4 c6
8. h3 a5 9. b3 exd4 10. Nxd4) 7. O-O e5 8. e4 c6 9. h3 a5 10. b3 exd4 11. Nxd4
Nc5 12. Rb1 Re8 13. Re1 Ne6 14. Nxe6 Bxe6 15. Bb2 Qd7 16. Kh2 Rad8 17. Qd2 Qc7
18. Red1 Nd7 19. Qxd6 Qb6 20. Qd2 Nc5 21. Qe2 f5 22. Rxd8 Rxd8 23. exf5 Bxf5
24. Rd1 Nd3 25. Na4 Qc7 26. Bxg7 Kxg7 27. Nc3 Qb6 28. g4 Nf4 29. Qe7+ Kh6 30.
Qxd8 Qxf2 31. Qd2 Qxd2 32. Rxd2 Bd3 33. Kg3 g5 34. h4 Kg6 35. Be4+ Bxe4 36.
Nxe4 h6 37. Rd6+ 1-0

[Event "Dundee & Angus Minor"]
[Site "?"]
[Date "2012.??.??"]
[Round "1"]
[White "D'Costa, Leston"]
[Black "Whyte, Nigel"]
[Result "0-1"]
[WhiteElo "834"]
[BlackElo "1216"]
[PlyCount "82"]
[EventDate "2012.??.??"]

{571MB, Fritz12.ctg, Lisa-PC} 1. e4 c6 2. d4 d5 3. Nc3 a6 4. Nf3 h6 5. exd5
cxd5 6. Bd2 Nc6 7. Bd3 e6 8. Qe2 Bd6 9. O-O-O Nge7 10. Rde1 Nb4 11. h4 Qa5 12.
a3 Nxd3+ 13. Qxd3 Qc7 14. g4 g6 15. g5 h5 16. Rhf1 O-O 17. Ne5 Nf5 18. Nd1 b5
19. Ne3 Bb7 20. Qb3 Nxd4 21. Qd3 Bxe5 22. Bc3 Nf3 23. Bxe5 Nxe5 24. Qd4 Rac8
25. c3 Nf3 26. Qd3 d4 27. Nc2 dxc3 28. bxc3 Nxe1 29. Rxe1 Qxc3 30. Qxc3 Rxc3
31. Kb2 Rfc8 32. Rc1 Be4 33. f4 Bxc2 34. Ka2 Bb3+ 35. Kb2 Rxc1 36. Kxb3 R8c4
37. Kb2 Rh1 38. a4 {[%emt 0:00:00]} 38... Rxf4 39. axb5 axb5 40. Kb3 Rh3+ 41.
Kb2 Rf2+ 0-1

[Event "Dundee & Angus Minor"]
[Site "?"]
[Date "2012.??.??"]
[Round "1"]
[White "Dearie, John"]
[Black "Grant, Norman"]
[Result "0-1"]
[WhiteElo "1013"]
[BlackElo "1262"]
[PlyCount "111"]
[EventDate "2012.??.??"]

1. e4 e5 2. Nf3 Nc6 3. a3 a6 4. Nc3 Nf6 5. d4 exd4 6. Nxd4 Nxd4 7. Qxd4 c5 8.
Qd1 b6 9. Be2 Bb7 10. Bf3 Qc7 11. O-O Bd6 12. g3 O-O 13. Bg5 Be5 14. Qd2 h6 15.
Bxh6 gxh6 16. Qxh6 Nh7 17. Nd5 Bxd5 18. exd5 Qd6 19. Qh5 Bxb2 20. Rae1 Rae8 21.
Rb1 Be5 22. c4 f5 23. Rbe1 Re7 24. Bg2 Rf6 25. f4 Bd4+ 26. Kh1 Rxe1 27. Rxe1
Rf8 28. a4 a5 29. Rf1 Qf6 30. h3 Qf7 31. Qe2 Re8 32. Qd1 Re3 33. Bf3 Nf6 34.
Qb1 Ne4 35. Bxe4 fxe4 36. Qxb6 Rxg3 37. Qd8+ Kg7 38. Qh4 Rg6 39. f5 Qf6 40.
Qxe4 Rg3 41. Kh2 Be5 42. Kh1 Rxh3+ 43. Kg2 Rh2+ 44. Kf3 d6 45. Rg1+ Kf7 46. Qg4
Qg7 47. Qg6+ Qxg6 48. Rxg6 Rh3+ 49. Kg2 Rh2+ 50. Kg1 Ra2 51. Rh6 Rxa4 52. Rh7+
Kf6 53. Rh6+ Kxf5 54. Rh5+ Ke4 55. Rh4+ Kf3 56. Rh3+ 0-1

[Event "Dundee & Angus Minor"]
[Site "?"]
[Date "2012.??.??"]
[Round "1"]
[White "Martin, Kevin"]
[Black "Emery, Nicola"]
[Result "1/2-1/2"]
[WhiteElo "1204"]
[BlackElo "818"]
[PlyCount "61"]
[EventDate "2012.??.??"]

1. e4 e5 2. d4 exd4 3. c3 Nc6 4. cxd4 d5 5. e5 Nge7 6. Nc3 Nf5 7. Nf3 Nh4 8.
Bg5 Nxf3+ 9. Qxf3 Qxg5 10. Nxd5 Qd8 11. O-O-O Be6 12. Nc3 Qg5+ 13. Rd2 O-O-O
14. Ne4 Qh6 15. Kb1 Rxd4 16. Rxd4 Nxd4 17. Qc3 Nc6 18. Bb5 Bc4 19. Qg3 Nd4 20.
a3 Bxa3 21. Qxa3 Nxb5 22. Qc5 c6 23. Rc1 Rd8 24. Nd6+ Nxd6 25. exd6 Qd2 26.
Qxa7 Qd3+ 27. Rc2 Qd1+ 28. Rc1 Bd3+ 29. Ka2 Qxc1 30. Qa8+ Kd7 31. Qxb7+ 1/2-1/2

[Event "Dundee & Angus Minor"]
[Site "?"]
[Date "2012.??.??"]
[Round "1"]
[White "Crush, Matthew"]
[Black "Waugh, Norman"]
[Result "0-1"]
[WhiteElo "695"]
[BlackElo "1097"]
[PlyCount "48"]
[EventDate "2012.??.??"]

1. d4 d5 2. e3 e6 3. f4 Nf6 4. Nf3 c5 5. Nc3 cxd4 6. exd4 Bd6 7. Bd3 Nc6 8. Bd2
O-O 9. Qe2 Qb6 10. Nb5 Be7 11. O-O-O a6 12. Nc3 Nxd4 13. Nxd4 Qxd4 14. Be3 Qb4
15. Rhf1 d4 16. a3 Qd6 17. Ne4 Qb6 18. Bd2 Bd7 19. b4 Rac8 20. Nxf6+ Bxf6 21.
Qe4 g6 22. h4 Bc6 23. Qe2 Bxh4 24. Rg1 Bd7 0-1

[Event "Dundee & Angus Minor"]
[Site "?"]
[Date "2012.??.??"]
[Round "1"]
[White "Gray, Euan"]
[Black "Stewart, Matthew"]
[Result "1/2-1/2"]
[WhiteElo "937"]
[BlackElo "1268"]
[PlyCount "86"]
[EventDate "2012.??.??"]

1. e4 c6 2. d4 d5 3. exd5 cxd5 4. c4 Nf6 5. Nc3 Bg4 6. f3 Bf5 7. Bd3 Bxd3 8.
Qxd3 e6 9. Bg5 Be7 10. Nge2 Qb6 11. Rb1 Nbd7 12. c5 Qc6 13. O-O h6 14. Bd2 e5
15. b4 a6 16. a4 b6 17. b5 axb5 18. axb5 Qc7 19. c6 Nf8 20. dxe5 Bc5+ 21. Kh1
Qxe5 22. Bf4 Qe7 23. Nxd5 Nxd5 24. Qxd5 Rd8 25. Qb3 Ne6 26. Rfd1 O-O 27. Bg3
Bd6 28. Bxd6 Rxd6 29. Rxd6 Qxd6 30. Nc3 Rd8 31. h3 Kf8 32. Rd1 Qe7 33. Rxd8+
Qxd8 34. Qd5 Ke8 35. Qxd8+ Kxd8 36. Nd5 Nd4 37. Nxb6 Nxb5 38. Nd5 Nc7 39. Nxc7
Kxc7 40. g4 Kxc6 41. Kg2 Kd5 42. Kg3 g5 43. f4 f6 1/2-1/2

[Event "Dundee & Angus Minor"]
[Site "?"]
[Date "2012.??.??"]
[Round "1"]
[White "McCulloch, Andrew"]
[Black "Depasquale, Duncan"]
[Result "1-0"]
[WhiteElo "1139"]
[BlackElo "770"]
[PlyCount "42"]
[EventDate "2012.??.??"]

1. d4 Nf6 2. Nf3 e6 3. e3 Nc6 4. Bd3 d5 5. c3 Bd6 6. O-O e5 7. dxe5 Nxe5 8. Be2
Nxf3+ 9. Bxf3 c6 10. Nd2 Qc7 11. g3 Bh3 12. Re1 Qd7 13. Bh1 Ng4 14. e4 dxe4 15.
Nxe4 O-O-O 16. Qc2 Kc7 17. Bd2 Rde8 18. Rad1 h6 19. Bf4 Qe6 20. Bxd6+ Kc8 21.
Bb4 Rd8 1-0

[Event "Dundee & Angus Minor"]
[Site "?"]
[Date "2012.??.??"]
[Round "1"]
[White "Cutting, Ronnie"]
[Black "Constance, Tom"]
[Result "1-0"]
[WhiteElo "1091"]
[BlackElo "554"]
[PlyCount "69"]
[EventDate "2012.??.??"]

1. e4 e5 2. Nf3 Nc6 3. Bc4 d6 4. d4 exd4 5. Nxd4 Nxd4 6. Qxd4 Nf6 7. Nc3 c5 8.
Qd3 g6 9. Bg5 Bg7 10. Nd5 Be6 11. O-O O-O 12. f4 a6 13. a4 Rb8 14. b4 b5 15.
axb5 axb5 16. Nxf6+ Bxf6 17. Bxf6 Qxf6 18. Bxb5 Rbc8 19. Qxd6 Rfd8 20. Qb6 Rd2
21. Ba6 Ra8 22. Rab1 Qe7 23. Rfd1 Rxd1+ 24. Rxd1 Bg4 25. Re1 f5 26. e5 Ra7 27.
Ra1 Rd7 28. Bc4+ Kg7 29. Bb3 Rb7 30. Qf6+ Qxf6 31. exf6+ Kxf6 32. Ra6+ Kg7 33.
Bd5 Rxb4 34. Ra7+ Kh6 35. Bg8 1-0

[Event "Dundee & Angus Minor"]
[Site "?"]
[Date "2012.??.??"]
[Round "1"]
[White "Dawson, Euan"]
[Black "Thomas, Jacqui"]
[Result "0-1"]
[WhiteElo "778"]
[BlackElo "1155"]
[PlyCount "82"]
[EventDate "2012.??.??"]

1. d4 g6 2. Nc3 Bg7 3. Nf3 e6 4. e4 Ne7 5. Bf4 a6 6. Be2 O-O 7. Qd2 d6 8. Bh6
Nd7 9. Bxg7 Kxg7 10. O-O b5 11. a3 Bb7 12. Rad1 d5 13. e5 c5 14. b4 cxd4 15.
Qxd4 Nc6 16. Qd2 Ncxe5 17. Nxe5 Nxe5 18. Qd4 f6 19. Bg4 Re8 20. Rfe1 Nxg4 21.
Qxg4 Kf7 22. Ne4 f5 23. Ng5+ Kg8 24. Qh4 Qd7 25. Re5 Re7 26. Rde1 Rae8 27. g4
f4 28. Qh6 d4 29. f3 Bd5 30. Rxd5 exd5 31. Rxe7 Qxe7 32. a4 Qe1+ 33. Kg2 Re2+
34. Kh3 Qf1+ 35. Kh4 Rxh2+ 36. Nh3 Rxh3+ 37. Kg5 Rxh6 38. Kxh6 Qh3+ 39. Kg5
Qxf3 40. axb5 axb5 41. Kf6 Qxg4 0-1

[Event "Dundee & Angus Minor"]
[Site "?"]
[Date "2012.??.??"]
[Round "2"]
[White "Waugh, Norman"]
[Black "Bridges, David"]
[Result "1-0"]
[WhiteElo "1097"]
[BlackElo "1308"]
[PlyCount "73"]
[EventDate "2012.??.??"]

{A00: Irregular Openings} 1. e4 {[%emt 0:00:00]} 1... e6 2. d4 d5 3. e5 c5 4.
c3 cxd4 5. cxd4 a6 6. Nf3 Nc6 7. a3 Nge7 8. b4 Qb6 9. Be3 Nf5 10. Be2 Nxe3 11.
fxe3 Ne7 12. O-O Nf5 13. Qd2 g6 14. Nc3 Bh6 15. Nd1 O-O 16. Bd3 Ne7 17. Qe2 Nc6
18. Nf2 Bg7 19. Ng4 f5 20. exf6 Bxf6 21. Nxf6+ Rxf6 22. Ng5 Nxd4 23. exd4 Qxd4+
24. Kh1 Rxf1+ 25. Rxf1 e5 26. Nf3 Bg4 27. Nxd4 Bxe2 28. Nxe2 e4 29. Bb1 e3 30.
Ba2 Rd8 31. Nf4 Kg7 32. Ne6+ Kh6 33. Nxd8 d4 34. Bc4 b5 35. Bd3 Kg5 36. Ne6+
Kh6 37. Nxd4 1-0

[Event "Dundee & Angus Minor"]
[Site "?"]
[Date "2012.??.??"]
[Round "2"]
[White "Macmillan, Malcolm"]
[Black "Doherty, Terry"]
[Result "0-1"]
[WhiteElo "1066"]
[BlackElo "1263"]
[PlyCount "96"]
[EventDate "2012.??.??"]

1. d4 g6 2. c4 Bg7 3. e3 d6 4. Nf3 Nf6 5. Nc3 O-O 6. Bd3 Nbd7 7. O-O b6 8. Re1
c5 9. d5 Re8 10. e4 e5 11. Nb5 Nf8 12. Bg5 h6 13. Be3 a6 14. Nc3 N8h7 15. Qd2
Ng4 16. a3 Nxe3 17. Qxe3 Rf8 18. b4 f5 19. bxc5 f4 20. Qd2 bxc5 21. Rab1 Bg4
22. Be2 Bxf3 23. Bxf3 Nf6 24. Qe2 g5 25. Bg4 Qe8 26. Rb6 Nxg4 27. Qxg4 Rf6 28.
Reb1 Qg6 29. Rb8+ Rxb8 30. Rxb8+ Kh7 31. Qe2 g4 32. f3 h5 33. Ra8 gxf3 34. Qxf3
Qh6 35. Rxa6 h4 36. h3 Rg6 37. a4 Rg3 38. Qf1 Rxc3 39. a5 f3 40. Qf2 Qf4 41.
gxf3 Rxf3 42. Qxf3 Qxf3 43. Rxd6 Qxh3 44. a6 Qg3+ 45. Kf1 h3 46. a7 Qg2+ 47.
Ke1 h2 48. a8=Q h1=Q# 0-1

[Event "Dundee & Angus Minor"]
[Site "?"]
[Date "2012.??.??"]
[Round "2"]
[White "Grant, Norman"]
[Black "Cutting, Ron"]
[Result "0-1"]
[WhiteElo "1262"]
[BlackElo "1091"]
[PlyCount "78"]
[EventDate "2012.??.??"]

1. e4 e5 2. Nf3 Nc6 3. Bc4 Nf6 4. d3 h6 5. Nc3 Bb4 6. Bd2 (6. Be3 O-O 7. a3 Bc5
) 6... O-O 7. a3 Bc5 8. b4 Bd4 9. Nxd4 Nxd4 10. Be3 d6 11. Bxd4 exd4 12. Ne2 c5
13. h3 b6 14. Nf4 Qd7 15. Bb3 Kh8 16. O-O Bb7 17. Re1 Rae8 18. Re2 Re5 19. Rd2
Rfe8 20. Bc4 d5 21. Bb3 dxe4 22. Re2 g5 23. Be6 R8xe6 24. Nxe6 Qxe6 25. Qe1 Qc6
26. f3 e3 27. Qg3 Qd5 28. f4 Rf5 29. Rf1 Qd6 30. bxc5 bxc5 31. Qh2 Kg7 32. g3
Kg6 33. h4 g4 34. Rb1 Bf3 35. Ree1 h5 36. Rb5 Nd5 37. Ra5 a6 38. Rb1 f6 39. Rb8
Qxb8 0-1